[Event "Albena BUL, Team Ch 2011 GrB Men"]
[Site "Albena BUL"]
[Date "2011.06.05"]
[Round "6.5"]
[White "Bochev, Krasimir"]
[Black "Yotov, Hristo"]
[Result "1-0"]
[WhiteElo "2123"]
[BlackElo "1987"]
[PlyCount "93"]
[EventDate "2011.06.02"]
[EventType "team"]
[EventRounds "9"]
[EventCountry "BUL"]

1. Nf3 d5 2. g3 Nf6 3. Bg2 g6 4. d4 Bg7 5. c4 c6 6. cxd5 cxd5 7. Nc3 O-O 8. O-O
Ne4 9. Nxe4 dxe4 10. Ne5 Nd7 11. Qc2 Nxe5 12. dxe5 Bxe5 13. Bxe4 Qc7 14. Qxc7
Bxc7 15. Bh6 Re8 16. Rac1 Bd6 17. b3 Rb8 18. Rfd1 Bf5 19. Bxf5 gxf5 20. Rd5
Rbc8 21. Rxc8 Rxc8 22. Rxf5 f6 23. Rd5 Kf7 24. Kg2 Ke6 25. e4 Rc2 26. Rd2 Rc3
27. Be3 b6 28. Bd4 Rc1 29. Bb2 Re1 30. Kf3 h5 31. Re2 Rd1 32. Rc2 Re1 33. Bc3
Rh1 34. Kg2 Rd1 35. h3 a5 36. Kf3 Rh1 37. h4 Rb1 38. Ke2 Be5 39. Bd2 Bd4 40.
Bc1 Ke5 41. Kd3 Bc5 42. f3 f5 43. Rc4 fxe4+ 44. Rxe4+ Kd5 45. Kc2 Ra1 46. Kb2
Rxc1 47. Kxc1 1-0

[Event "Albena BUL, Team Ch 2011 GrB Men"]
[Site "Albena BUL"]
[Date "2011.06.05"]
[Round "6.5"]
[White "Vasilev, Vergil"]
[Black "Stefanov, Plamen"]
[Result "0-1"]
[WhiteElo "2005"]
[BlackElo "2220"]
[PlyCount "42"]
[EventDate "2011.06.02"]
[EventType "team"]
[EventRounds "9"]
[EventCountry "BUL"]

1. d4 Nf6 2. Nf3 c5 3. e3 e6 4. Bd3 b6 5. O-O Bb7 6. Nbd2 d5 7. c3 Nbd7 8. Re1
Ne4 9. Nf1 Bd6 10. N3d2 f5 11. f3 Nxd2 12. Bxd2 O-O 13. e4 fxe4 14. fxe4 cxd4
15. cxd4 Qh4 16. g3 Qf6 17. Bc3 Nc5 18. dxc5 Bxc5+ 19. Kh1 dxe4 20. Bxe4 Qxf1+
21. Rxf1 Bxe4+ 0-1

[Event "Albena BUL, Team Ch 2011 GrB Men"]
[Site "Albena BUL"]
[Date "2011.06.05"]
[Round "6.5"]
[White "Vatkovski, Mitko"]
[Black "Kamenov, Valentin"]
[Result "0-1"]
[WhiteElo "1960"]
[BlackElo "1813"]
[PlyCount "83"]
[EventDate "2011.06.02"]
[EventType "team"]
[EventRounds "9"]
[EventCountry "BUL"]

1. c4 Nf6 2. Nc3 d6 3. d4 g6 4. g3 Bg7 5. Bg2 O-O 6. Nf3 Nbd7 7. O-O a5 8. Qc2
c5 9. d5 Nb6 10. b3 Bf5 11. Qb2 Ne4 12. Bd2 Nxd2 13. Qxd2 a4 14. e4 Bd7 15.
Rab1 axb3 16. axb3 Ra3 17. Na2 Qa8 18. Nc1 f5 19. Ne1 Ra1 20. Qc2 Qa3 21. Ned3
Ra8 22. Re1 Bf6 23. e5 dxe5 24. Nxe5 Rxb1 25. Qxb1 Be8 26. f4 Nc8 27. Bf1 Nd6
28. Bd3 Qb4 29. Re2 Qc3 30. Qb2 Qxb2 31. Rxb2 Nf7 32. Ra2 Rxa2 33. Nxa2 Nxe5
34. fxe5 Bxe5 35. Kf2 Bd7 36. Nc1 g5 37. Ne2 Kg7 38. Bc2 Kf6 39. Kf3 Bc8 40.
Bd1 Bb2 41. Ke3 Ke5 42. Kf3 0-1

[Event "Albena BUL, Team Ch 2011 GrB Men"]
[Site "Albena BUL"]
[Date "2011.06.06"]
[Round "7.1"]
[White "Bozov, Ahmet"]
[Black "Karakehajov, Kalin"]
[Result "0-1"]
[WhiteElo "2101"]
[BlackElo "2493"]
[PlyCount "28"]
[EventDate "2011.06.02"]
[EventType "team"]
[EventRounds "9"]
[EventCountry "BUL"]

1. e4 c5 2. Nf3 e6 3. d4 cxd4 4. Nxd4 Nc6 5. Nc3 Nf6 6. Ndb5 Bc5 7. Bf4 O-O 8.
Bc7 Qe7 9. Bd6 Bxd6 10. Qxd6 Qd8 11. Nc7 Rb8 12. e5 Ng4 13. f4 Ne3 14. Kd2 Nf5
0-1

[Event "Albena BUL, Team Ch 2011 GrB Men"]
[Site "Albena BUL"]
[Date "2011.06.06"]
[Round "7.2"]
[White "Genov, Petko"]
[Black "Todorov, Momchil"]
[Result "1/2-1/2"]
[WhiteElo "2321"]
[BlackElo "2212"]
[PlyCount "60"]
[EventDate "2011.06.02"]
[EventType "team"]
[EventRounds "9"]
[EventCountry "BUL"]

1. d4 Nf6 2. Nf3 g6 3. c4 Bg7 4. Nc3 d5 5. cxd5 Nxd5 6. e4 Nxc3 7. bxc3 c5 8.
Rb1 O-O 9. Be2 cxd4 10. cxd4 Qa5+ 11. Bd2 Qxa2 12. O-O Bg4 13. Bg5 h6 14. Be3
Nc6 15. d5 Bxf3 16. gxf3 Nd4 17. Re1 Nxe2+ 18. Rxe2 Qa6 19. Rc2 Rfc8 20. Qc1 b5
21. Rc6 Rxc6 22. Qxc6 Qxc6 23. dxc6 Rc8 24. Bxa7 Rxc6 25. Rxb5 Rc7 26. Be3 h5
27. Kg2 e6 28. Rb1 Bf6 29. Rd1 Rb7 30. h3 Kg7 1/2-1/2

[Event "Albena BUL, Team Ch 2011 GrB Men"]
[Site "Albena BUL"]
[Date "2011.06.06"]
[Round "7.2"]
[White "Stefanov, Plamen"]
[Black "Stoynov, Yordan"]
[Result "1/2-1/2"]
[WhiteElo "2220"]
[BlackElo "2240"]
[PlyCount "86"]
[EventDate "2011.06.02"]
[EventType "team"]
[EventRounds "9"]
[EventCountry "BUL"]

1. b4 e5 2. Bb2 d6 3. g3 Nd7 4. Bg2 c6 5. c4 Ngf6 6. Qb3 Be7 7. Nc3 O-O 8. Nf3
Re8 9. O-O Bf8 10. e4 a5 11. a3 Qb6 12. Na4 Qc7 13. Ng5 h6 14. Nh3 axb4 15.
axb4 Nb6 16. Nxb6 Rxa1 17. Rxa1 Qxb6 18. d3 Be6 19. Qa3 Qc7 20. f3 b5 21. Bf1
Rb8 22. Nf2 c5 23. bxc5 bxc4 24. dxc4 dxc5 25. Nd3 Nd7 26. Qc3 f6 27. f4 Qb7
28. fxe5 Nxe5 29. Nxe5 Qxb2 30. Qxb2 Rxb2 31. Ng6 Bd6 32. Nf4 Bg4 33. Ra8+ Kh7
34. h3 Bf3 35. e5 Bxa8 36. exd6 Bc6 37. Bd3+ g6 38. Bxg6+ Kg8 39. Bf5 Rd2 40.
Nd3 Kf8 41. Kf1 Bd7 42. Ke1 Rxd3 43. Bxd3 Bxh3 1/2-1/2

[Event "Albena BUL, Team Ch 2011 GrB Men"]
[Site "Albena BUL"]
[Date "2011.06.06"]
[Round "7.2"]
[White "Stoynov, Ivan"]
[Black "Bochev, Krasimir"]
[Result "1-0"]
[WhiteElo "2304"]
[BlackElo "2123"]
[PlyCount "87"]
[EventDate "2011.06.02"]
[EventType "team"]
[EventRounds "9"]
[EventCountry "BUL"]

1. e4 c5 2. Nf3 g6 3. Nc3 Bg7 4. d4 cxd4 5. Nxd4 Nc6 6. Nde2 Nf6 7. g3 O-O 8.
Bg2 Rb8 9. a4 a6 10. O-O d6 11. Nd5 Nd7 12. c3 b5 13. axb5 axb5 14. Nd4 Nde5
15. f4 Nxd4 16. fxe5 Nc6 17. exd6 exd6 18. Bf4 Ne5 19. Kh1 Bg4 20. Qc2 Be6 21.
Nb4 Ra8 22. Rad1 Qb6 23. h3 Rac8 24. Qf2 Qc7 25. Nd5 Bxd5 26. Rxd5 Qc6 27. Rfd1
Nc4 28. Bxd6 Nxd6 29. Rxd6 Qc4 30. Qe1 Rfe8 31. Rd7 Be5 32. R1d5 Bg7 33. e5 Rb8
34. Qf2 Rf8 35. e6 fxe6 36. Rxg7+ Kxg7 37. Rd7+ Kh6 38. Qa7 Rh8 39. Rd4 Rbc8
40. Rxc4 bxc4 41. Qe3+ Kg7 42. Qxe6 Rhe8 43. Qd7+ Kh8 44. Qd4+ 1-0

[Event "Albena BUL, Team Ch 2011 GrB Men"]
[Site "Albena BUL"]
[Date "2011.06.06"]
[Round "7.2"]
[White "Trickov, Vasil"]
[Black "Tashkov, Rumen"]
[Result "0-1"]
[WhiteElo "2328"]
[BlackElo "2248"]
[PlyCount "116"]
[EventDate "2011.06.02"]
[EventType "team"]
[EventRounds "9"]
[EventCountry "BUL"]

1. d4 d6 2. c4 e5 3. Nc3 exd4 4. Qxd4 Nc6 5. Qd2 Nf6 6. g3 Be6 7. Nd5 Ne5 8. b3
Ne4 9. Qd4 f5 10. Bg2 g6 11. Nf4 Bf7 12. Bxe4 fxe4 13. Qxe4 Bg7 14. Bb2 O-O 15.
Rd1 c6 16. Qc2 g5 17. Bxe5 Bxe5 18. Nd3 Bg6 19. Nf3 Qa5+ 20. b4 Bxd3 21. Qb3
Bc2 22. bxa5 Bxb3 23. axb3 Bc3+ 24. Kf1 g4 25. Ng5 Rae8 26. Rxd6 Bxa5 27. h3
Bb6 28. f4 gxf3 29. Nxf3 Re3 30. b4 Rb3 31. c5 Bd8 32. Rd4 Bf6 33. Rg4+ Kh8 34.
Kg2 Bc3 35. Rd1 Rxb4 36. Rg5 Re4 37. Kf1 Re7 38. Rd3 Bg7 39. Rg4 Rfe8 40. Ng1
Bf8 41. h4 Rf7+ 42. Nf3 Bxc5 43. e4 a5 44. e5 Bf8 45. Kg2 h6 46. h5 Kh7 47. Re4
Bg7 48. g4 Kg8 49. Rd6 Rfe7 50. Rg6 Re6 51. Rxe6 Rxe6 52. Kg3 b5 53. Kf4 c5 54.
Kf5 Re8 55. Kg6 a4 56. e6 a3 57. g5 a2 58. gxh6 a1=Q 0-1

[Event "Albena BUL, Team Ch 2011 GrB Men"]
[Site "Albena BUL"]
[Date "2011.06.06"]
[Round "7.3"]
[White "Danov, Lyubomir"]
[Black "Dobrev, Nayden"]
[Result "1/2-1/2"]
[WhiteElo "2029"]
[BlackElo "2235"]
[PlyCount "107"]
[EventDate "2011.06.02"]
[EventType "team"]
[EventRounds "9"]
[EventCountry "BUL"]

1. e4 c5 2. c3 e6 3. d4 d5 4. exd5 Qxd5 5. Nf3 Nf6 6. Na3 Nc6 7. Be2 cxd4 8.
Nb5 Qd8 9. Nbxd4 Nxd4 10. Qxd4 Qxd4 11. Nxd4 a6 12. Bf4 Be7 13. Bf3 O-O 14.
O-O-O Bc5 15. Bg3 Ba7 16. a4 Bb8 17. Rhe1 Bxg3 18. hxg3 Rb8 19. a5 Bd7 20. Nc2
Rfc8 21. Rd6 Kf8 22. Rb6 Rc7 23. Nb4 Bb5 24. Rxb5 axb5 25. a6 Nd5 26. Bxd5 exd5
27. Nxd5 Rc6 28. axb7 Rxb7 29. Ne3 g6 30. Kc2 Rd7 31. Re2 Rcd6 32. c4 bxc4 33.
Nxc4 Rc6 34. Kc3 Re7 35. Rxe7 Kxe7 36. b4 Re6 37. Kd3 Kd7 38. b5 Rf6 39. f4 Rf5
40. b6 Rb5 41. g4 h6 42. Kd4 f6 43. Ke4 Kc6 44. Kd4 Rb4 45. g3 g5 46. Kc3 Rb1
47. Kd4 Re1 48. Ne3 Kxb6 49. Nd5+ Kc6 50. Nxf6 gxf4 51. gxf4 Kd6 52. Ne4+ Ke7
53. Ke5 Ra1 54. f5 1/2-1/2

[Event "Albena BUL, Team Ch 2011 GrB Men"]
[Site "Albena BUL"]
[Date "2011.06.06"]
[Round "7.3"]
[White "Danov, Radi"]
[Black "Tonchev, Miroslav"]
[Result "0-1"]
[WhiteElo "1812"]
[BlackElo "2274"]
[PlyCount "118"]
[EventDate "2011.06.02"]
[EventType "team"]
[EventRounds "9"]
[EventCountry "BUL"]

1. e4 c5 2. Nf3 e6 3. d4 cxd4 4. Nxd4 a6 5. c4 Nf6 6. Nc3 Bb4 7. Bd3 Qc7 8. O-O
Bxc3 9. bxc3 d6 10. f4 Nbd7 11. Qe2 Nc5 12. Bc2 e5 13. fxe5 dxe5 14. Nf5 Bxf5
15. exf5 O-O-O 16. Rb1 Rhe8 17. Be3 Rd6 18. Rb4 Re7 19. Kh1 h5 20. h3 Nfe4 21.
Qf3 Nd2 22. Bxd2 Rxd2 23. Be4 Nxe4 24. Qxe4 Qc6 25. Qxc6+ bxc6 26. Rfb1 Red7
27. Kh2 Kd8 28. R4b2 Rxb2 29. Rxb2 Kc7 30. c5 Rd5 31. Rb6 Rxc5 32. Rxa6 Kb7 33.
Ra3 Rc4 34. Rb3+ Kc7 35. g3 Ra4 36. Rb2 Ra3 37. Rc2 Kd6 38. g4 hxg4 39. hxg4 e4
40. Rd2+ Ke5 41. Rd7 Kf4 42. Rxf7 Kxg4 43. Rxg7+ Kxf5 44. Rf7+ Ke5 45. Re7+ Kf4
46. Kg2 Rxa2+ 47. Kf1 Rc2 48. c4 Ke3 49. Ra7 Rxc4 50. Ra3+ Kd2 51. Ra2+ Rc2 52.
Ra7 Rc1+ 53. Kg2 c5 54. Rd7+ Ke2 55. Ra7 c4 56. Ra2+ Ke3 57. Ra7 Rd1 58. Rc7
Rd4 59. Ra7 c3 0-1

[Event "Albena BUL, Team Ch 2011 GrB Men"]
[Site "Albena BUL"]
[Date "2011.06.06"]
[Round "7.3"]
[White "Dimitrov, Atanas"]
[Black "Nikolov, Jordan"]
[Result "1-0"]
[WhiteElo "2352"]
[BlackElo "2094"]
[PlyCount "49"]
[EventDate "2011.06.02"]
[EventType "team"]
[EventRounds "9"]
[EventCountry "BUL"]

1. Nf3 d5 2. g3 Nf6 3. Bg2 c6 4. c4 Bf5 5. cxd5 cxd5 6. Qb3 Qc8 7. Nc3 e6 8. d3
Nc6 9. O-O Be7 10. Bf4 O-O 11. Rac1 Qd7 12. Ne5 Nxe5 13. Bxe5 Bg4 14. e4 dxe4
15. dxe4 Rac8 16. h3 Bh5 17. g4 Bg6 18. Rfd1 Qc6 19. Nd5 exd5 20. Rxc6 bxc6 21.
Qb7 Bc5 22. Rc1 Bb6 23. exd5 Rcd8 24. dxc6 Rd2 25. c7 1-0

[Event "Albena BUL, Team Ch 2011 GrB Men"]
[Site "Albena BUL"]
[Date "2011.06.06"]
[Round "7.3"]
[White "Janachkov, Angel"]
[Black "Asparuhov, Parvan"]
[Result "1/2-1/2"]
[WhiteElo "2223"]
[BlackElo "2077"]
[PlyCount "153"]
[EventDate "2011.06.02"]
[EventType "team"]
[EventRounds "9"]
[EventCountry "BUL"]

1. e4 e5 2. Nf3 Nc6 3. Bc4 Nf6 4. d3 h6 5. Nc3 d6 6. h3 g6 7. Be3 Bg7 8. Qd2
Na5 9. Bb3 Nxb3 10. axb3 a6 11. d4 Qe7 12. O-O-O Bd7 13. Rhe1 O-O-O 14. Qd3 Bc6
15. d5 Be8 16. b4 Nd7 17. Nd2 Nb8 18. Nb3 h5 19. Kb1 Bh6 20. Bxh6 Rxh6 21. Qe3
Rh8 22. Qa7 b6 23. b5 Bxb5 24. Nxb5 axb5 25. Re3 Kd7 26. c4 bxc4 27. Qa4+ Kc8
28. Qxc4 Rd7 29. Rc1 Qg5 30. Rec3 Qxg2 31. f3 Kd8 32. Qa4 Ke7 33. Rxc7 Qxf3 34.
Rc8 Qd3+ 35. Ka2 Rxc8 36. Rxc8 Qa6 37. Qxa6 Nxa6 38. Nd2 Nc5 39. b4 Ra7+ 40.
Kb2 Nd3+ 41. Kc3 Nf4 42. h4 Rb7 43. b5 f5 44. Rh8 Rd7 45. Nc4 fxe4 46. Nxb6
Rc7+ 47. Kd2 Rc5 48. Nc8+ Kf6 49. b6 e3+ 50. Kxe3 Nxd5+ 51. Ke4 Rb5 52. b7 Nc3+
53. Kd3 Rxb7 54. Kxc3 d5 55. Nd6 Rc7+ 56. Kd3 Rc6 57. Nb5 Rc5 58. Nc3 e4+ 59.
Kd2 Ke5 60. Re8+ Kf4 61. Ne2+ Kg4 62. Rg8 Rc6 63. Rd8 Kxh4 64. Rxd5 Re6 65. Nf4
Ra6 66. Ke3 g5 67. Ng2+ Kg4 68. Kxe4 Re6+ 69. Kd3 h4 70. Ne3+ Kh5 71. Ke2 h3
72. Kf2 h2 73. Kg2 Rxe3 74. Kxh2 Kh4 75. Rd4+ g4 76. Kg2 Re2+ 77. Kg1 1/2-1/2

[Event "Albena BUL, Team Ch 2011 GrB Men"]
[Site "Albena BUL"]
[Date "2011.06.06"]
[Round "7.3"]
[White "Nenkov, Ljudmil"]
[Black "Galunov, Todor"]
[Result "1/2-1/2"]
[WhiteElo "2294"]
[BlackElo "2330"]
[PlyCount "67"]
[EventDate "2011.06.02"]
[EventType "team"]
[EventRounds "9"]
[EventCountry "BUL"]

1. Nf3 Nf6 2. g3 d5 3. Bg2 c6 4. d3 g6 5. O-O Bg7 6. Nbd2 O-O 7. e4 dxe4 8.
dxe4 c5 9. Re1 Nc6 10. c3 Qc7 11. Qe2 e5 12. Nc4 b6 13. Bg5 Ba6 14. Bxf6 Bxf6
15. Bf1 Na5 16. Nfd2 Bg5 17. Qg4 Bxd2 18. Nxd2 Bb7 19. h4 Rad8 20. Rad1 Rd6 21.
Nc4 Nxc4 22. Bxc4 Rfd8 23. Rxd6 Qxd6 24. Bb3 Kg7 25. Rd1 Qf6 26. Bd5 h5 27. Qe2
Bc8 28. Rd3 Ba6 29. c4 Rd7 30. Qd1 Bc8 31. Kg2 Qd6 32. Rf3 Re7 33. Qd2 Bg4 34.
Rd3 1/2-1/2

[Event "Albena BUL, Team Ch 2011 GrB Men"]
[Site "Albena BUL"]
[Date "2011.06.06"]
[Round "7.4"]
[White "Bonev, Todor"]
[Black "Glavchev, Stanislav"]
[Result "1-0"]
[WhiteElo "2317"]
[BlackElo "2131"]
[PlyCount "81"]
[EventDate "2011.06.02"]
[EventType "team"]
[EventRounds "9"]
[EventCountry "BUL"]

1. e4 Nc6 2. Nf3 e5 3. Bb5 a6 4. Ba4 Nge7 5. c3 g6 6. d4 exd4 7. cxd4 Bg7 8.
Nc3 b5 9. Bb3 O-O 10. Bg5 h6 11. Bh4 Qe8 12. O-O Na5 13. Bc2 d6 14. Re1 Bg4 15.
e5 dxe5 16. h3 Bxf3 17. Qxf3 Nec6 18. Rad1 Nb4 19. Bb1 Nc4 20. b3 Na3 21. Be4
Nac2 22. Bxc2 Nxc2 23. Re2 Nb4 24. a3 Nc6 25. Nd5 g5 26. Bg3 Rd8 27. dxe5 Qe6
28. Qe4 Rd7 29. Rd3 Rfd8 30. Red2 Bxe5 31. Nf6+ Bxf6 32. Qxe6 fxe6 33. Rxd7
Rxd7 34. Rxd7 Nd4 35. Rxc7 Nxb3 36. Rc6 a5 37. Rxe6 Kf7 38. Rb6 Nd4 39. Bd6 h5
40. Bc5 b4 41. Rxf6+ 1-0

[Event "Albena BUL, Team Ch 2011 GrB Men"]
[Site "Albena BUL"]
[Date "2011.06.06"]
[Round "7.4"]
[White "Hristov, Atanas"]
[Black "Stanoev, Atanas"]
[Result "0-1"]
[WhiteElo "2231"]
[BlackElo "2226"]
[PlyCount "58"]
[EventDate "2011.06.02"]
[EventType "team"]
[EventRounds "9"]
[EventCountry "BUL"]

1. d4 Nf6 2. Nf3 g6 3. Bf4 Bg7 4. Nbd2 O-O 5. e4 d6 6. Bc4 Nc6 7. c3 Nd7 8. O-O
e5 9. Be3 h6 10. dxe5 Ndxe5 11. Nxe5 Nxe5 12. Be2 d5 13. f4 Nc6 14. f5 d4 15.
cxd4 Bxd4 16. Qb3 Bxe3+ 17. Qxe3 Qd4 18. Qxd4 Nxd4 19. Bd3 gxf5 20. exf5 Rd8
21. Nc4 Bd7 22. Rf4 Bb5 23. f6 Ne6 24. Rg4+ Kf8 25. Bf5 Bxc4 26. Rxc4 Nd4 27.
Bh7 c6 28. Re1 Rd6 29. h4 b5 0-1

[Event "Albena BUL, Team Ch 2011 GrB Men"]
[Site "Albena BUL"]
[Date "2011.06.06"]
[Round "7.4"]
[White "Ivanov, Borislav"]
[Black "Shivacheva, Donika"]
[Result "0-1"]
[WhiteElo "2225"]
[BlackElo "1681"]
[PlyCount "104"]
[EventDate "2011.06.02"]
[EventType "team"]
[EventRounds "9"]
[EventCountry "BUL"]

1. d4 d5 2. c4 c6 3. Nf3 Nf6 4. Qc2 e6 5. g3 Nbd7 6. Bg2 Bd6 7. O-O O-O 8. Nbd2
e5 9. cxd5 cxd5 10. dxe5 Nxe5 11. Nxe5 Bxe5 12. Nf3 Bd6 13. Rd1 Be6 14. Be3 Qd7
15. Nd4 Bh3 16. Bh1 Rac8 17. Qb3 Bc5 18. Nc2 Be6 19. Bxc5 Rxc5 20. Nd4 Bg4 21.
f3 Bh3 22. g4 h5 23. g5 Nh7 24. f4 Re8 25. Qg3 Bg4 26. Rd2 Nf8 27. Nb3 Rb5 28.
e4 Ng6 29. exd5 Qd6 30. Rf1 Rb4 31. Nd4 Qc5 32. Qf2 Bh3 33. a3 Rc4 34. b4 Qc7
35. Bg2 Bxg2 36. Qxg2 Qb6 37. Qf2 Re4 38. Ne2 Qd6 39. f5 Rg4+ 40. Kh1 Nf4 41.
g6 Nxe2 42. gxf7+ Kxf7 43. Qxe2 Rce4 44. Qb5 Ref4 45. Qxb7+ Kg8 46. Qc8+ Kh7
47. Rfd1 Re4 48. Qc5 Qe5 49. Qf2 Ref4 50. Qe2 Re4 51. Qd3 Re1+ 52. Qf1 Qe4+ 0-1

[Event "Albena BUL, Team Ch 2011 GrB Men"]
[Site "Albena BUL"]
[Date "2011.06.06"]
[Round "7.4"]
[White "Ivelinov, Hristo"]
[Black "Vutov, Mario"]
[Result "0-1"]
[WhiteElo "2236"]
[BlackElo "2342"]
[PlyCount "82"]
[EventDate "2011.06.02"]
[EventType "team"]
[EventRounds "9"]
[EventCountry "BUL"]

1. d4 Nf6 2. c4 g6 3. Nc3 Bg7 4. e4 d6 5. Be2 O-O 6. Bg5 Na6 7. Qd2 e5 8. d5
Qe8 9. f3 Nh5 10. Bd3 f5 11. Nge2 Bd7 12. O-O-O Nb4 13. Bb1 a5 14. Rdf1 Nf6 15.
Ng3 f4 16. Nge2 b5 17. Nxb5 Bxb5 18. cxb5 Qxb5 19. Nc3 Qb7 20. Bxf6 Bxf6 21.
Bd3 Rfb8 22. Rf2 Bh4 23. Re2 a4 24. a3 Nxd3+ 25. Qxd3 Ra5 26. Rd1 Qa7 27. Rdd2
Rb3 28. Rc2 Rc5 29. Qd2 Rc4 30. Kb1 Qb6 31. Ka1 Bd8 32. Qc1 Qd4 33. Nb1 Rxc2
34. Rxc2 Kg7 35. Rc4 Qa7 36. Nc3 Qf2 37. Rxa4 Rb8 38. Rc4 Qxg2 39. Nd1 Kh6 40.
Rc2 Qxf3 41. Rc3 Qxe4 0-1

[Event "Albena BUL, Team Ch 2011 GrB Men"]
[Site "Albena BUL"]
[Date "2011.06.06"]
[Round "7.4"]
[White "Pantev, Veselin"]
[Black "Vasilev, Vasil Aleksandrov"]
[Result "1/2-1/2"]
[WhiteElo "2381"]
[BlackElo "2337"]
[PlyCount "62"]
[EventDate "2011.06.02"]
[EventType "team"]
[EventRounds "9"]
[EventCountry "BUL"]

1. d4 Nf6 2. Nf3 g6 3. Bf4 Bg7 4. e3 d6 5. Be2 O-O 6. O-O c5 7. c4 cxd4 8. exd4
d5 9. Nc3 Nc6 10. Ne5 dxc4 11. Nxc6 bxc6 12. Bxc4 Nd5 13. Be5 Nxc3 14. bxc3
Bxe5 15. dxe5 Qa5 16. e6 f6 17. Qf3 Qc5 18. Qe2 f5 19. Kh1 Rb8 20. Rfd1 Kg7 21.
f4 Rb6 22. h3 Qa5 23. Qe3 c5 24. Qe5+ Rf6 25. Re1 Bxe6 26. Bxe6 Rbxe6 27. Qxe6
Rxe6 28. Rxe6 Qxc3 29. Rxe7+ Kf8 30. Ree1 Kg7 31. Re7+ Kf8 1/2-1/2

[Event "Albena BUL, Team Ch 2011 GrB Men"]
[Site "Albena BUL"]
[Date "2011.06.06"]
[Round "7.5"]
[White "Mladenov, Emil"]
[Black "Ribarov, Plamen"]
[Result "1/2-1/2"]
[WhiteElo "2157"]
[BlackElo "2068"]
[PlyCount "70"]
[EventDate "2011.06.02"]
[EventType "team"]
[EventRounds "9"]
[EventCountry "BUL"]

1. e4 c6 2. d3 d5 3. Nd2 Nf6 4. g3 Bg4 5. f3 Bh5 6. g4 Bg6 7. e5 Nfd7 8. f4 e6
9. Ngf3 Be7 10. Bg2 c5 11. O-O Nc6 12. a3 O-O 13. Qe2 Qc7 14. b3 Rae8 15. Bb2
b5 16. c4 bxc4 17. bxc4 d4 18. Ne4 Bxe4 19. Qxe4 Nd8 20. g5 f6 21. exf6 gxf6
22. Rae1 fxg5 23. fxg5 Rf4 24. Qe2 Bd6 25. Bc1 Rff8 26. h4 Bg3 27. Rd1 Bf4 28.
Qf2 Bxc1 29. Rxc1 Rf4 30. Qg3 Ref8 31. Rce1 Qa5 32. g6 h6 33. Nh2 Qd2 34. Rxf4
Qxf4 35. Qxf4 Rxf4 1/2-1/2

[Event "Albena BUL, Team Ch 2011 GrB Men"]
[Site "Albena BUL"]
[Date "2011.06.06"]
[Round "7.5"]
[White "Petrov, Valeri"]
[Black "Gochev, Plamen"]
[Result "0-1"]
[WhiteElo "1996"]
[BlackElo "1995"]
[PlyCount "53"]
[EventDate "2011.06.02"]
[EventType "team"]
[EventRounds "9"]
[EventCountry "BUL"]

1. e4 d6 2. d4 Nf6 3. Nc3 g6 4. Nf3 Bg7 5. Bd3 c6 6. O-O O-O 7. Bg5 Qc7 8. Qd2
e5 9. dxe5 dxe5 10. h3 Be6 11. b3 Nbd7 12. Qe3 Nh5 13. Ne2 f6 14. Bh6 Bxh6 15.
Qxh6 Nc5 16. Qe3 Nxd3 17. cxd3 Rfe8 18. Rac1 a5 19. Nc3 Rad8 20. Rfd1 Bf7 21.
Nh2 Nf4 22. Ng4 Kg7 23. d4 exd4 24. Rxd4 h5 25. Rxd8 Rxd8 26. Nh2 Rd3 27. Qe1
0-1

[Event "Albena BUL, Team Ch 2011 GrB Men"]
[Site "Albena BUL"]
[Date "2011.06.06"]
[Round "7.5"]
[White "Vasilev, Dimitar P"]
[Black "Kostov, Galin"]
[Result "0-1"]
[WhiteElo "1826"]
[BlackElo "2190"]
[PlyCount "116"]
[EventDate "2011.06.02"]
[EventType "team"]
[EventRounds "9"]
[EventCountry "BUL"]

1. d4 e6 2. c4 Nf6 3. Nf3 b6 4. Bg5 h6 5. Bh4 Bb7 6. e3 Be7 7. Be2 O-O 8. O-O
d6 9. Nc3 Ne4 10. Bxe7 Qxe7 11. Qc2 Nxc3 12. Qxc3 Nd7 13. Rac1 a5 14. Rfd1 Rfe8
15. a3 a4 16. Qc2 e5 17. d5 Nc5 18. Nd2 Bc8 19. Nf1 f5 20. Re1 Qf6 21. Ng3 g6
22. f3 Bd7 23. e4 f4 24. Nh1 Re7 25. Nf2 h5 26. Nd3 Nb3 27. Rcd1 g5 28. Nf2 Rg7
29. h3 Kf7 30. Rd3 Nc5 31. Rc3 Rh8 32. Qd1 Nb3 33. Rxb3 axb3 34. Qxb3 Qd8 35.
a4 Qa8 36. Bd1 Qa5 37. Kf1 Ra8 38. Qc2 Bxa4 39. b3 Bd7 40. Nd3 Qa2 41. Qc3 Qa1
42. Qd2 Ra2 43. Bc2 Qd4 44. Qd1 g4 45. fxg4 hxg4 46. hxg4 Bxg4 47. Qb1 Ra8 48.
Nf2 Bh5 49. Bd1 Bxd1 50. Rxd1 Qc5 51. Rd3 Qa3 52. Qe1 Qa1 53. Rd1 Qb2 54. Rb1
Qc2 55. Rc1 Qxb3 56. Qe2 Rh8 57. Nh3 Rxh3 58. gxh3 Qxh3+ 0-1

[Event "Albena BUL, Team Ch 2011 GrB Men"]
[Site "Albena BUL"]
[Date "2011.06.07"]
[Round "8.1"]
[White "Karakehajov, Kalin"]
[Black "Kostov, Galin"]
[Result "1-0"]
[WhiteElo "2493"]
[BlackElo "2190"]
[PlyCount "69"]
[EventDate "2011.06.02"]
[EventType "team"]
[EventRounds "9"]
[EventCountry "BUL"]

1. e4 e6 2. d3 d5 3. Nd2 Nf6 4. Ngf3 b6 5. c3 Bb7 6. Qa4+ Qd7 7. Qc2 Qd8 8. g3
Be7 9. Bg2 O-O 10. e5 Nfd7 11. O-O c5 12. Re1 Nc6 13. Nf1 Qc7 14. Bf4 Rac8 15.
h4 b5 16. N1h2 Qb6 17. Ng4 b4 18. Qd2 bxc3 19. bxc3 Ba6 20. Bg5 Qd8 21. Rad1
Kh8 22. c4 dxc4 23. dxc4 Nd4 24. Nxd4 Bxg5 25. hxg5 cxd4 26. Re4 Nb6 27. Rxd4
Qe7 28. Nf6 Rxc4 29. Rxc4 Nxc4 30. Qf4 gxf6 31. gxf6 Qc7 32. Qh6 Rg8 33. Be4
Rg6 34. Bxg6 fxg6 35. Qf8# 1-0

[Event "Albena BUL, Team Ch 2011 GrB Men"]
[Site "Albena BUL"]
[Date "2011.06.07"]
[Round "8.2"]
[White "Vasilev, Vasil Aleksandrov"]
[Black "Vasilev, Dimitar P"]
[Result "1-0"]
[WhiteElo "2337"]
[BlackElo "1826"]
[PlyCount "64"]
[EventDate "2011.06.02"]
[EventType "team"]
[EventRounds "9"]
[EventCountry "BUL"]

1. Nf3 d5 2. d4 Nf6 3. c4 e6 4. e3 Be7 5. Bd3 Nbd7 6. Nbd2 c6 7. b3 O-O 8. Bb2
Qa5 9. O-O Re8 10. a3 Bf8 11. Ne5 g6 12. f4 Bg7 13. b4 Qd8 14. c5 Nxe5 15. fxe5
Nd7 16. e4 Nf8 17. Qf3 Qe7 18. Rf2 Rd8 19. Raf1 Rd7 20. Nb3 Rc7 21. Bc1 Qh4 22.
g3 Qh3 23. Re1 Qh5 24. Qf4 dxe4 25. Qxe4 h6 26. Be2 Qf5 27. Rxf5 gxf5 28. Qh4
Bd7 29. Bxh6 Ng6 30. Qg5 Rf8 31. h4 Be8 32. Bxg7 Kxg7 1-0

[Event "Albena BUL, Team Ch 2011 GrB Men"]
[Site "Albena BUL"]
[Date "2011.06.07"]
[Round "8.2"]
[White "Glavchev, Stanislav"]
[Black "Mladenov, Emil"]
[Result "1/2-1/2"]
[WhiteElo "2131"]
[BlackElo "2157"]
[PlyCount "62"]
[EventDate "2011.06.02"]
[EventType "team"]
[EventRounds "9"]
[EventCountry "BUL"]

1. e4 d5 2. exd5 Qxd5 3. Nc3 Qa5 4. Nf3 c6 5. d4 Bf5 6. Bd3 e6 7. O-O Bb4 8.
Ne2 Nd7 9. Ng3 Bg6 10. c3 Bd6 11. Re1 Ngf6 12. Ng5 Qc7 13. Bxg6 hxg6 14. Qd3
Nf8 15. Qf3 N8h7 16. Nh3 O-O-O 17. Bf4 Bxf4 18. Qxf4 Nd5 19. Qxc7+ Kxc7 20. Ne4
Nhf6 21. Nhg5 Nxe4 22. Rxe4 Rd7 23. g3 Kd8 24. h4 Ke7 25. Rae1 Rc8 26. R4e2 Nf6
27. Ne4 Nxe4 28. Rxe4 c5 29. dxc5 Rxc5 30. R1e2 Rcd5 31. Kg2 Rd1 1/2-1/2

[Event "Albena BUL, Team Ch 2011 GrB Men"]
[Site "Albena BUL"]
[Date "2011.06.07"]
[Round "8.3"]
[White "Dimitrov, Atanas"]
[Black "Pantev, Veselin"]
[Result "1/2-1/2"]
[WhiteElo "2352"]
[BlackElo "2381"]
[PlyCount "62"]
[EventDate "2011.06.02"]
[EventType "team"]
[EventRounds "9"]
[EventCountry "BUL"]

1. Nf3 Nf6 2. c4 e6 3. g3 b6 4. Bg2 Bb7 5. O-O Be7 6. d4 O-O 7. d5 exd5 8. Nh4
c6 9. cxd5 Nxd5 10. Nf5 Nc7 11. Nc3 d5 12. e4 Bf6 13. Bf4 Bc8 14. Rc1 Bxf5 15.
Bxc7 Qxc7 16. Nxd5 Qd8 17. Nxf6+ Qxf6 18. exf5 Qxb2 19. Qd6 Qf6 20. Qc7 Na6 21.
Qxc6 Qxc6 22. Rxc6 Rad8 23. a4 Nc5 24. a5 Rc8 25. axb6 Rxc6 26. Bxc6 axb6 27.
Ra1 Rd8 28. Ra7 Kf8 29. Kg2 Rd6 30. Bb5 g6 31. fxg6 hxg6 1/2-1/2